| 000 | 00705nam a2200241 a 4500 | ||
|---|---|---|---|
| 001 | 70270 | ||
| 003 | BD-RjUL | ||
| 005 | 20211209082000.0 | ||
| 008 | 170416s1960 njua b 001 0 eng d | ||
| 035 | _a(BD-RjUL)70484 | ||
| 040 |
_aDLC _cOAkU _dBD-RjUL _beng |
||
| 041 | _aeng | ||
| 082 |
_a541.369 _223 _bGIT 1960 |
||
| 100 | 1 |
_aGilmont, Roger. _9208104 |
|
| 245 | 1 | 0 |
_aThermodynamic principles for chemical engineers / _cRoger Gilmont |
| 250 | _aMaruzen Asian Ed. | ||
| 260 |
_aEnglewood Cliffs, N.J. : _bPrentice-Hall, _c1960. |
||
| 300 |
_a339 p. : _bill. ; _c24 cm. |
||
| 504 | _aIncludes bibliography and index | ||
| 650 | 0 |
_aThermodynamics. _9208105 |
|
| 942 |
_2ddc _cBK |
||
| 999 |
_c70270 _d70270 |
||